Organizatioal Behavior : A G lobal Perspective (Record no. 3116)

MARC details
005 - DATE AND TIME OF LATEST TRANSACTION
control field 20250603154933.0
020 ## - INTERNATIONAL STANDARD BOOK NUMBER
International Standard Book Number 0 470 80262 6
082 ## - DEWEY DECIMAL CLASSIFICATION NUMBER
Classification number TEA LECT 302.35 WOO
100 ## - MAIN ENTRY--PERSONAL NAME
Author name WOO,J. M.
245 ## - TITLE STATEMENT
Title Organizatioal Behavior : A G lobal Perspective
250 ## - EDITION STATEMENT
Edition statement 3rd Ed.
260 ## - PUBLICATION, DISTRIBUTION, ETC.
Place of publication, distribution, etc. Australia ,
Name of publisher, distributor, etc. John Wiley & Sons,
Date of publication, distribution, etc. 2004.
300 ## - PHYSICAL DESCRIPTION
Extent xxiv, 736p.: Ill.; figures
Other physical details Index
Dimensions 26cm.
700 ## - ADDED ENTRY--PERSONAL NAME
Other authors/Editors MORRISON, F. & ZEFFANE, W.
942 ## - ADDED ENTRY ELEMENTS (KOHA)
Source of classification or shelving scheme Dewey Decimal Classification
Koha item type Books
Holdings
Date last seen Total checkouts Full call number Barcode Cost, replacement price Price effective from Koha item type Lost status Source of classification or shelving scheme Damaged status Not for loan Withdrawn status Home library Current library Shelving location Date acquired Cost, normal purchase price
06/03/2025   TEA LECT 302.35 WOO 00000010964 503682.00 06/03/2025 Books   Dewey Decimal Classification       College of Business Education Main Library College of Business Education Main Library General Collection 04/22/2005 167894.00